Stratégie multinacionálnych korporácií na trhoch strednej a východnej Európy: trendy v uplynulom desaťročí, očakávaný vývoj a možné implikácie v hospodárskej politike cieľových krajín (s osobitným dôrazom na Slovensko) vedecký monografický recenzovaný zborník k záverečnej oponentúre grantu VEGA 1/2638/05 (e. č. 140) Vedeckej grantovej agentúry Ministerstva školstva SR a SAV
Gespeichert in:
| Körperschaft: | |
|---|---|
| Weitere Verfasser: | , |
| Format: | Buch |
| Sprache: | Slowakisch |
| Veröffentlicht: |
Bratislava
[Katedra medzinárodného obchodu OBF EU]
2007
|
| Schlagworte: | |
| Tags: |
Keine Tags, Fügen Sie das erste Tag hinzu!
|
MARC
| LEADER | 00000nam$a2200000$$$4500 | ||
|---|---|---|---|
| 001 | 0067311 | ||
| 005 | 20240711111715.1 | ||
| 020 | |a 978-80-225-2419-3 | ||
| 041 | 0 | |a slo | |
| 044 | |a SK | ||
| 245 | 1 | 0 | |a Stratégie multinacionálnych korporácií na trhoch strednej a východnej Európy: trendy v uplynulom desaťročí, očakávaný vývoj a možné implikácie v hospodárskej politike cieľových krajín (s osobitným dôrazom na Slovensko) |b vedecký monografický recenzovaný zborník k záverečnej oponentúre grantu VEGA 1/2638/05 (e. č. 140) Vedeckej grantovej agentúry Ministerstva školstva SR a SAV |c Soňa Ferenčíková a kolektív pracovníkov KMO OF EU ; zostavovatelia: Soňa Ferenčíková, Otília Zorkóciová |
| 264 | 1 | |a Bratislava |b [Katedra medzinárodného obchodu OBF EU] |c 2007 | |
| 300 | |a 258 s. | ||
| 610 | 2 | 0 | |a korporácie transnacionálne |
| 610 | 2 | 0 | |a stratégia podniková |
| 610 | 2 | 0 | |a trh zahraničný |
| 610 | 2 | 0 | |a investície zahraničné |
| 610 | 2 | 0 | |a stredná Európa |
| 610 | 2 | 0 | |a východná Európa |
| 610 | 2 | 0 | |a politika hospodárska |
| 610 | 2 | 0 | |a politika hospodárska nadnárodná |
| 700 | 1 | |a Ferenčíková, Soňa, 1960- | |
| 700 | 1 | |a Zorkóciová, Otília, 1954- | |
| 710 | 2 | |a Obchodná fakulta EU. Katedra medzinárodného obchodu | |